| 000 -LEADER |
| fixed length control field |
00429nam a22001691a 4500 |
| 020 ## - INTERNATIONAL STANDARD BOOK NUMBER |
| International Standard Book Number |
9788170811701 |
| 082 ## - DEWEY DECIMAL CLASSIFICATION NUMBER |
| Classification number |
S 294.592 6 |
| Item number |
MAR/S |
| 100 ## - MAIN ENTRY--PERSONAL NAME |
| Personal name |
Markandaiya |
| 9 (RLIN) |
83895 |
| 245 ## - TITLE STATEMENT |
| Title |
Smriti sandarbha [v.5]/ |
| Statement of responsibility, etc. |
by Markandaiya |
| 260 ## - PUBLICATION, DISTRIBUTION, ETC. |
| Place of publication, distribution, etc. |
Delhi: |
| Name of publisher, distributor, etc. |
Nag, |
| Date of publication, distribution, etc. |
1988. |
| 300 ## - PHYSICAL DESCRIPTION |
| Extent |
2530-3214p. |
| 650 ## - SUBJECT ADDED ENTRY--TOPICAL TERM |
| Topical term or geographic name entry element |
Dharam Shastra |
| 9 (RLIN) |
83896 |
| 650 ## - SUBJECT ADDED ENTRY--TOPICAL TERM |
| Topical term or geographic name entry element |
Hinduism |
| 9 (RLIN) |
83897 |
| 650 ## - SUBJECT ADDED ENTRY--TOPICAL TERM |
| Topical term or geographic name entry element |
Religion |
| 9 (RLIN) |
83898 |
| 700 ## - ADDED ENTRY--PERSONAL NAME |
| Personal name |
Laugakshi |
| 9 (RLIN) |
83899 |
| 942 ## - ADDED ENTRY ELEMENTS (KOHA) |
| Koha item type |
Book |